| 000 | 00432nam a2200181Ia 4500 | ||
|---|---|---|---|
| 005 | 20250603144759.0 | ||
| 008 | 250603s9999 xx 000 0 und d | ||
| 020 | _a9789332901384 | ||
| 050 | _aQA 76.9.D3 .S55/ | ||
| 100 | _aSilberschatz, Abraham | ||
| 245 | 0 | _aDatabase system concepts | |
| 260 | _aNew Delhi | ||
| 260 | _bMcGraw-Hill Education | ||
| 260 | _c2015 | ||
| 300 | _a1349 p | ||
| 650 | _aNew Delhi | ||
| 942 | _cBK | ||
| 999 |
_c39930 _d39930 |
||